TOP 10 Countries in: Motor Vehicles per Capita - Statistics

General Stats
  • This quiz has been taken 411 times
  • The average score is 5 of 10
Answer Stats
Vehicles per 1000 Rank Country % Correct
812.37 4 United States
97%
844.23 2 Monaco
61%
725.58 7 Australia
57%
687.42 10 Italy
55%
1,262.89 1 San Marino
52%
743.17 6 Luxembourg
45%
713.09 9 New Zealand
44%
829.41 3 Liechtenstein
38%
715.69 8 Malta
28%
746.86 5 Iceland
26%
No matching quizzes found
Score Distribution
Percent of People with Each Score
Percentile by Number Answered
Your Score History
You have not taken this quiz